000 00305 a2200109 4500
020 _a0444989501
082 _a624.1513 DER
100 _aDerskiez, W.
245 _aRock and Soil Mechanics/
_cW. Derski...[et all]
260 _aAmsterdam :
_bElsevier,
_c1989
300 _axvii,
_bill. ;
_c23 cm
650 _aRock Mechanics -- Soil Mechanics
999 _c996
_d996